Who did that metal song? #3 - Statistics

General Stats
  • This quiz has been taken 181 times
  • The average score is 7 of 25
Answer Stats
Hint Answer % Correct
Du Hast Rammstein
92%
Dr. Feelgood Mötley Crüe
73%
We're Not Gonna Take It Twisted Sister
68%
Through the Fire and Flames DragonForce
67%
Gimme Chocolate!! Babymetal
48%
Am I Evil? Diamond Head
47%
Left Hand Path Entombed
35%
Nemo Nightwish
34%
The End of Heartache Killswitch Engage
31%
A Blaze in the Northern Sky Darkthrone
30%
Hearts on Fire HammerFall
25%
Jesus Built My Hotrod Ministry
21%
A Gunshot to the Head of Trepidation Trivium
19%
Brackish Kittie
17%
New Millennium Cyanide Christ Meshuggah
16%
Set the World on Fire (The Lie of Lies) Symphony X
15%
Kiss Me Deadly Lita Ford
13%
Death Throes of the Terrorsquid Alestorm
11%
Storm the Sorrow Epica
11%
Power and the Glory Saxon
11%
Party Like Tomorrow Is the End of the World Steel Panther
11%
Pray for Villains DevilDriver
8%
Leave This World Behind Kreator
5%
If You Got It at Five, You Got It at Fifty Norma Jean
5%
Rat Race Skindred
5%
No matching quizzes found
Score Distribution
Percent of People with Each Score
Percentile by Number Answered
Your Score History
You have not taken this quiz